Xây dựng Đảng và rèn luyện đảng viên theo tư tưởng Hồ Chí Minh : Kỷ yếu hội thảo khoa học

Sách tuyển chọn những bài viết của các cán bộ chính trị trong quân đội về đạo đức và tác phong người chiến sĩ, người đảng viên theo quan điểm của Chủ tịch Hồ Chí Minh.

Salvato in:
Dettagli Bibliografici
Enti autori: Quân đội Nhân dân Việt Nam., Học viện Chính Trị Quân Sự
Natura: Libro
Lingua:Undetermined
Pubblicazione: Hà Nội Quân đội nhân dân 2000
Soggetti:
Tags: Aggiungi Tag
Nessun Tag, puoi essere il primo ad aggiungerne! !
Thư viện lưu trữ: Trung tâm Học liệu Trường Đại học Cần Thơ
LEADER 01157nam a2200229Ia 4500
001 CTU_39524
008 210402s9999 xx 000 0 und d
020 |c 20000 
082 |a 335.4346 
082 |b H419 
110 |a Quân đội Nhân dân Việt Nam. 
110 |b Học viện Chính Trị Quân Sự 
245 0 |a Xây dựng Đảng và rèn luyện đảng viên theo tư tưởng Hồ Chí Minh : 
245 0 |b Kỷ yếu hội thảo khoa học 
245 0 |c Quân đội Nhân dân Việt Nam. Học viện Chính Trị Quân Sự ; Hồ Sỹ Vui (hội đồng xét duyệt) ... [ et al. ] 
260 |a Hà Nội 
260 |b Quân đội nhân dân 
260 |c 2000 
520 |a Sách tuyển chọn những bài viết của các cán bộ chính trị trong quân đội về đạo đức và tác phong người chiến sĩ, người đảng viên theo quan điểm của Chủ tịch Hồ Chí Minh. 
650 |a Communist parties 
904 |i Qhieu đã sửa 
980 |a Trung tâm Học liệu Trường Đại học Cần Thơ